| 000 | 00620nam a22002297a 4500 | ||
|---|---|---|---|
| 003 | UA-OsUOA | ||
| 001 | 27349 | ||
| 007 | ta | ||
| 008 | 20040624b un ||||| |||| 00| 0 ukr d | ||
| 090 |
_a75.03 _bВ54 |
||
| 942 | _cBK | ||
| 040 |
_aUA-OsUOA _bukr _cUA-OsUOA _dUA-OsUOA |
||
| 245 |
_aХудожники України: Вітольд Монастирський _bАльбом _cСост. М.В.Ткаченко |
||
| 300 |
_a62 с. _bІлюстрації |
||
| 955 | _a0 | ||
| 041 | _aukr | ||
| 080 | _a75.03 | ||
| 260 |
_aКиїв _bМистецтво _c1977 |
||
| 044 | _aUA | ||
| 650 | 7 | _2UDC | |
| 999 |
_c313693 _d313693 |
||